Benchmarking a marketingová analýza

Benchmarking a jeho klasifikácia. Možnosti jeho uplatnenia v marketingu a algoritmus implementácie metódy v marketingovej analýze. Riziká a obmedzenia benchmarkingu.

Na minha lista:
Detalhes bibliográficos
Autor principal: Dzuro, Matúš, 1983-
Formato: Capítulo de Livro
Idioma:eslovaco
Assuntos:
Tags: Adicionar Tag
Sem tags, seja o primeiro a adicionar uma tag!

MARC

LEADER 00000naa$a2200000$$$4500
001 0051569
005 20231005085231.6
041 0 |a slo 
044 |a SK 
245 1 0 |a Benchmarking a marketingová analýza  |c Matúš Dzuro 
520 |a Benchmarking a jeho klasifikácia. Možnosti jeho uplatnenia v marketingu a algoritmus implementácie metódy v marketingovej analýze. Riziká a obmedzenia benchmarkingu. 
610 2 0 |a benchmarking 
610 2 0 |a marketing 
610 2 0 |a konkurencia 
610 2 0 |a podnik 
610 2 0 |a stratégia marketingová 
610 2 0 |a kultúra podnikania 
100 1 |a Dzuro, Matúš, 1983-